000 00328 a2200109 4500
001 ART_10228
005 20260410161848.0
008 260409a
245 1 0 _aPolítica tributaria en una economía competitiva
100 1 _aMantel, Rolf R.
773 0 _tEconómica
_g- Año XVI, Nº3 (sep./dic. 1970)
_wREV7541
999 _c24729
_d24729